01908nam a2200409 a 4500001001200000003000800012006001900020007001500039008004100054010001700095020001800112020002700130040002100157035002100178050002900199082001700228100002900245245009500274250001200369260005300381300004100434490001900475504005100494505042500545533015200970630003501122650002401157650004901181655002901230700002401259710002001283710001501303710001701318830002001335856012601355999001701481ebr10558706CaPaEBRm u cr cn|||||||||100204s2012 inua sb 001 0 eng d z 2012930548 z9781118147832 z9781118225868 (e-book) aCaPaEBRcCaPaEBR a(OCoLC)79782489514aHF5415.1265b.T74 2012eb04a658.8/722221 aTreadaway, Chris,d1974-10aFacebook marketingh[electronic resource] :ban hour a day /cChris Treadaway, Mari Smith. a2nd ed. aIndianapolis, Ind. :bJohn Wiley & Sons,cc2012. axxii, 338 p. :bill. (chiefly col.).1 aSerious skills aIncludes bibliographical references and index.0 aInternet marketing 1985-2010 -- What is Facebook? -- Develop a Facebook strategy and measure success -- Month 1: create the plan and get started -- Month 2: establish corporate presence with pages and groups -- Month 3: create demand with Facebook ads -- Month 4: advanced tactics and campaign integration -- Customized experiences via Facebook applications -- The analytics of Facebook -- Organizational considerations. aElectronic reproduction.bPalo Alto, Calif. :cebrary,d2013.nAvailable via World Wide Web.nAccess may be limited to ebrary affiliated libraries.00aFacebook (Electronic resource) 0aInternet marketing. 0aSocial networksxComputer network resources. 7aElectronic books.2local1 aSmith, Mari,d1966-2 aFacebook (Firm)2 aSybex Inc.2 aebrary, Inc. 0aSerious skills.40uhttp://site.ebrary.com/lib/rucke/Doc?id=10558706zAn electronic book accessible through the World Wide Web; click to view c88730d88730